Климатологический справочник [по] СССР. Вып. 29: По Ивановской, Костромской, Горьковской, Кировской областям, Марийской, Чувашской, Мордовской и Удмуртской АССР (Запись № 8995442)

Подробности
000 -МАРКЕР
контрольное поле 01490nam2a22002531 4500
001 - ИДЕНТИФИКАТОР ЗАПИСИ
контрольное поле rc\4541100
005 - ИДЕНТИФИКАТОР ВЕРСИИ
контрольное поле 20250611192701.0
021 ## - НОМЕР ГОСУДАРСТВЕННОЙ РЕГИСТРАЦИИ
Код страны Российская Федерация
Номер Рг5145-72
021 ## - НОМЕР ГОСУДАРСТВЕННОЙ РЕГИСТРАЦИИ
Код страны Российская Федерация
Номер 71-92784
035 ## - ДРУГИЕ СИСТЕМНЫЕ НОМЕРА
Идентификатор записи (NLR Aleph) 008360553
100 ## - ДАННЫЕ ОБЩЕЙ ОБРАБОТКИ
Данные общей обработки 20130416d1970 |||y0rusy50 ca
101 0# - ЯЗЫК РЕСУРСА
Язык текста, звукозаписи и т.д. русский
102 ## - СТРАНА ПУБЛИКАЦИИ ИЛИ ПРОИЗВОДСТВА
Страна публикации Российская Федерация
105 ## - ПОЛЕ КОДИРОВАННЫХ ДАННЫХ: ТЕКСТОВЫЕ МАТЕРИАЛЫ, МОНОГРАФИЧЕСКИЕ
Кодированные данные о монографическом текстовом документе y z |||||
200 1# - ЗАГЛАВИЕ И СВЕДЕНИЯ ОБ ОТВЕТСТВЕННОСТИ
Основное заглавие По Ивановской, Костромской, Горьковской, Кировской областям, Марийской, Чувашской, Мордовской и Удмуртской АССР
Сведения, относящиеся к заглавию Метеорол. данные за отдельные годы
Первые сведения об ответственности Верхне-Волж. упр. гидрометеорол. службы. Горьк. гидрометеорол. обсерватория
Обозначение и номер части Ч. 6
Наименование части Облачность и солнечное сияние
210 ## - ПУБЛИКАЦИЯ, РАСПРОСТРАНЕНИЕ И ДР.
Дата издания, распространения и т.д. 1970
Место издания, распространения и т.д. Б. м.
215 ## - ФИЗИЧЕСКАЯ ХАРАКТЕРИСТИКА
Специфическое обозначение материала и объем 384 с.
461 #0 - УРОВЕНЬ НАБОРА
Встроенное поле 001rc\4541099
-- 2001#$aКлиматологический справочник [по] СССР$eВып. 29$fГл. упр. гидрометеор. службы при Совете Министров СССР$vВып. 29
Системный номер (АБИС) связанной записи 8995441
Место публикации Горький
Дата публикации 1970
Первые сведения об ответственности Гл. упр. гидрометеор. службы при Совете Министров СССР
Имя издателя, распространителя и т.д. Б. и.
Сведения, относящиеся к заглавию Вып. 29
Заглавие Климатологический справочник [по] СССР
Номер тома Вып. 29
801 #0 - ИСТОЧНИК ЗАПИСИ
Страна Российская Федерация
Организация NLR
Правила каталогизации psbo
801 #1 - ИСТОЧНИК ЗАПИСИ
Страна Российская Федерация
Организация ELAR
Источник данных rusmarc
852 ## - МЕСТОНАХОЖДЕНИЕ И ШИФР ХРАНЕНИЯ
Идентификатор организации NLR
Шифр хранения (Call Number) Гн10 Г-7/33
942 ## - ДОПОЛНИТЕЛЬНЫЕ ЭЛЕМЕНТЫ ЗАПИСИ (АБИС)
Тип экземпляра АБИС Книга
980 ## - КОЛЛЕКЦИЯ
Название коллекции Национальная библиография
Экземпляры
Тип экземпляра Дата поступления Библиотека постоянного хранения Библиотека текущего хранения Место хранения Шифр хранения Штрих-код Статус экземпляра
Книга 26.10.2013 РНБ (Садовая) РНБ (Садовая) Русский книжный фонд -Главное здание, Ленинский читальный зал Гн10 Г-7/33 8360553-10